Objets en images par lettre - E - Statistiques

Statistiques générales
  • Ce quiz a été pris 356 fois
    325 depuis la dernière actualisation
  • Le résultat moyen est 17 sur 20
Statistiques - réponses
Par images Réponse % Correct
Éponge
100%
Écharpe
99%
Enveloppe
98%
Écran
97%
Épée
97%
Écouteurs
96%
Éventail
96%
Equerre
95%
Étiquette
91%
Épingle
90%
Entonnoir
88%
Élastique
87%
Escarpin
82%
Étui
77%
Escabeau
74%
Établi
73%
Encens
69%
Essuie-glace
67%
Enclume
64%
Éprouvette
57%
Aucun quiz correspondant
Distribution des résultats
% des personnes avec chaque résultat
Percentile par nombre de réponses
Votre historique - résultats
Vous n’avez pas pris ce quiz depuis la dernière actualisation